000 00537nam a2200229Ia 4500
008 210210b1930 xxu||||| |||| 00| 0 eng d
041 _aeng
082 _a825/576
100 _aMOULTON (R G)
245 _aWorld literature and its place in general culture
260 _aNew York
_bThe macmilan company
_c1930
650 _aWorld
650 _aplace
650 _aliterature
650 _aits
650 _ain
650 _ageneral
650 _aculture
650 _aand
690 _aEnglish Criticism
906 _a014892
999 _c134123
_d134123